000 00309nam a22001337a 4500
008 181001b xxu||||| |||| 00| 0 eng d
020 _a9780205001651
041 _aeng
080 _26th
_a159.9
100 _a49
101 _aPSI
245 _aGender psychological perspectives
_cBrannon,L
942 _2udc
_cBK
999 _c48734
_d48734